Vincitori Supercoppa Italiana - Statistics

Statistiche generali
  • Questo quiz è stato fatto 235 volte
    52 dall'ultimo reset
  • Il punteggio medio è 38 su 38
Statistiche sulle risposte
Edizione Campioni % Corretto
1989 Inter
100%
2005 Inter
100%
2006 Inter
100%
2008 Inter
100%
2010 Inter
100%
2021 Inter
100%
2022 Inter
100%
2023 Inter
100%
1995 Juventus
100%
1997 Juventus
100%
2002 Juventus
100%
2003 Juventus
100%
2012 Juventus
100%
2013 Juventus
100%
2015 Juventus
100%
2018 Juventus
100%
2020 Juventus
100%
1988 Milan
100%
1992 Milan
100%
1993 Milan
100%
1994 Milan
100%
2004 Milan
100%
2011 Milan
100%
2016 Milan
100%
2024 Milan
100%
1990 Napoli
100%
2014 Napoli
100%
2025 Napoli
100%
1998 Lazio
98%
2000 Lazio
98%
2009 Lazio
98%
2017 Lazio
98%
2019 Lazio
98%
2001 Roma
98%
2007 Roma
98%
1991 Sampdoria
92%
1996 Fiorentina
90%
1999 Parma
85%
Nessun quiz corrispondente trovato
Distribuzione punteggi
Percentuale di utenti per punteggio
Percentile per numero di risposta
I tuoi punteggi nel tempo
Non hai fatto questo quiz dall'ultimo reset